| 000 | 00717nam a22002055i 4500 | ||
|---|---|---|---|
| 001 | 164829 | ||
| 003 | ES-MaACL | ||
| 005 | 20230906213021.0 | ||
| 008 | 050809s1876 gw | |||||||| ||eng d | ||
| 040 |
_aCAM _bspa _cCAM |
||
| 100 | 1 |
_aSaunders, John. _9132499 |
|
| 245 | 1 | 4 |
_aThe shipowner's daughter _b: a novel / _cby John Saunders. |
| 260 |
_aLeipzig : _bBernhard Tauchnitz, _c1876. |
||
| 300 |
_a2 v. (304; 294 p.) ; _c17 cm. |
||
| 490 | 1 |
_aCollection of british authors ; _v1623; 1624 |
|
| 752 |
_aAlemania - _dLeipzig |
||
| 830 | 0 |
_aCollection of british authors ; _v1623; 1624 _9180703 |
|
| 852 |
_aES-MaACL _jG-12003 _z-- Enc. hol. conservando la cub. original _z-- 2 t. en 1 v. |
||
| 999 |
_c164829 _d164829 |
||